| 000 | 00498nam a22001817a 4500 | ||
|---|---|---|---|
| 005 | 20200517131851.0 | ||
| 008 | 200517b xxu||||| |||| 00| 0 eng d | ||
| 020 | _a9788123923413 | ||
| 041 | _aeng | ||
| 082 | _a615 SHA | ||
| 100 |
_aSHARMA V N _95400 |
||
| 245 |
_aEssentials of pharmacology: Basic princip;es and general concepts _cSharma V N |
||
| 250 | _a4'th | ||
| 260 |
_aNew Delhi _bCBS Publishers and distributors _c2019 |
||
| 300 | _a838, xvi | ||
| 650 |
_aPharmacy _95403 |
||
| 942 | _cBK | ||
| 999 |
_c6217 _d6215 |
||